00847 2200229 4500001002100000005001500021035002000036007000300056008004100059020002200100082001000122084001400132245017000146260004500316300003700361500012800398700001800526504002900544650002000573990001200593990001200605INLIS00000000000139020180131110919 a0010-0118000208ta180131 g 0 ind  a978-602-03-1059-6 a338.6 a338.6 THE aTHE, Sum is Greater Than The Parts :bMelipatgandakan Kemakmuran di Indonesia melalui Integrasi Lokal dan Global /cHarvard Kennedy School; alih bahasa, Oskar Swardi aJakarta :bGramedia Pustaka Utama,c2014 alxx, 287 hlm. :bilus. ;c23 cm. aJudul asli: The Sum Is Greater than The Parts: Doubling Shared Prosperity in Indonesia Through Local and Global Integration0 aOSKAR, Swardi aBibliografi: hlm.247-287 aPOLITIK EKONOMI a16779 a a16779 b